000 00520nam a2200181 4500
001 110507
003 ES-MaACL
005 20260121063017.0
007 t|
008 061121s1972 sp r ||||1| spa d
100 _aNabokov, Vladimir
_9239142
245 1 0 _aMashenka /
_cVladimir Nabokov ( seud.) ; [ traducción Andrés Besch].
260 _aBarcelona :
_bLumen,
_c1972.
300 _a182 p. ;
_c19 cm.
700 1 _aBesch, Andrés.
_928569
852 _aES-MaACL
_jC-42479
_bR.80764
999 _c110507
_d110507